000 01082nam a22001937a 4500
003 JO-AjAnu
005 20240430092005.0
008 240408b jo ||||| |||| 00| 0 ara d
040 _aJO-AjAnu
_cANU
_bara
041 _aara
100 _aالقضاة، آلاء عبد الكريم عودة
_eمعد
_965349
245 0 _aالكفاءة الذاتية وعلاقتها بالتحصيل الاكاديمي لدى طلبة صعوبات التعلم من وجهة نظر معلميهم = Self-Efficacy and its Relationship to Academic Achievement of Students with Learning Disabilities from the Point of View of their Teachers /
_cاعداد آلاء عبدالكريم عودة القضاة ؛ اشراف فيصل عيسى النواصرة
260 _c2023
300 _a89 ورقة
500 _aرسالة جامعية (ماجستير) تخصص التربية الخاصة / جامعة عجلون الوطنية، 2023
650 7 _vصعوبات التعلم-التحصيل الاكاديمي
700 0 _aفيصل النواصرة
_eمشرف
_965115
942 _2lcc
_cTHS
_n0
999 _c33447
_d33447